谚文字母对应拉丁转写Korean Alphabet (Hangul) Trans-write into Latin - Statistics

General Stats
  • This quiz has been taken 4 times
  • The average score is 39 of 40
Answer Stats
谚文 转写 % Correct
a
100%
ae
100%
b
100%
bb
100%
ch
100%
d
100%
dd
100%
e
100%
eo
100%
eu
100%
g
100%
gg
100%
h
100%
i
100%
j
100%
jj
100%
k
100%
m
100%
n
100%
ng
100%
o
100%
p
100%
r
100%
s
100%
ss
100%
t
100%
u
100%
wa
100%
wae
100%
we
100%
wi
100%
wo
100%
ya
100%
yae
100%
ye
100%
yeo
100%
yo
100%
yu
100%
oe
75%
零声母
50%
No matching quizzes found
Score Distribution
Percent of People with Each Score
Percentile by Number Answered
Your Score History
You have not taken this quiz